AP Internet Acronyms Quiz - Statistics

General Stats
  • This quiz has been taken 44 times
  • The average score is 11 of 20
Answer Stats
Acronym Meaning % Correct
BRB Be right back
100%
IDC I don't care
100%
IDK I don't know
100%
IK I know
100%
IKR I know, right?
100%
IRL In real life
100%
OMG Oh my god
100%
TBH To be honest
100%
GN Good night
92%
IYKYK If you know, you know
92%
NGL Not gonna lie
92%
GL Good luck
90%
ILY I love you
90%
GTG Got to go
89%
RN Right now
89%
BTW By the way
86%
GG Good game
86%
LMK Let me know
86%
GM Good morning
83%
IMO In my opinion
83%
TTYL Talk to you later
83%
JK Just kidding
80%
SMH Shaking my head
80%
DM Direct message
78%
GLHF Good luck, have fun!
78%
JSYK Just so you know
78%
WTH What the heck
78%
IDRC I don't really care
75%
IG I guess
75%
JIC Just in case
75%
NP No problem
75%
WYD What you doing?
75%
YK You know
75%
BF Boyfriend
73%
TYSM Thank you so much!
73%
IYKWIM If you know what I mean
71%
GF Girlfriend
70%
TL;DR Too long, didn't read
70%
IMHO In my humble opinion
67%
LOL Laugh out loud
67%
TYVM Thank you very much
67%
PVP Player versus player
63%
FAQ Frequently asked question
57%
AFK Away from keyboard
50%
DND Do not disturb
50%
FTW For the win
50%
OMW On my way
50%
RNG Random number generator
50%
DPS Damage per second
44%
TIA Thanks in advance
43%
AFAIK As far as I know
38%
OP Overpowered
33%
OTOH On the other hand
27%
FTR For the record
25%
IIRC If I recall correctly
25%
YNK You never know
23%
GOI Get over it
20%
GFN Gone for now
20%
TFW That feel when...
20%
WYWH Wish you were here
18%
NBD No big deal
17%
OTB Off to bed
17%
ICYDK In case you didn't know
15%
FWIW For what it's worth
14%
HF Have fun
14%
WB Welcome back
14%
AMA Ask me anything
13%
BTDT Been there, done that
13%
BFN Bye for now
13%
ITYM I think you mean
11%
YOYO You're on your own
11%
IOW In other words
9%
LTNS Long time no see
8%
AAMOF As a matter of fact
0%
CMIIW Correct me if I'm wrong
0%
IFYP I feel your pain
0%
IMAO In my arrogant opinion
0%
MFW My face when...
0%
PAW Parents are watching
0%
TYT Take you time
0%
YGTR You got that right
0%
URS You really suck
0%
No matching quizzes found
Score Distribution
Percent of People with Each Score
Percentile by Number Answered
Your Score History
You have not taken this quiz